| 000 | 00471nam a2200169 a 4500 | ||
|---|---|---|---|
| 005 | 20140310183227.0 | ||
| 008 | 040310s19uu xx 00 eng d | ||
| 020 | _a0-345-35651-9 | ||
| 050 |
_aPS 3554.O469 _b.D676 1988 |
||
| 100 | _aDonaldson, Stephen R. | ||
| 245 |
_aA Man rides through / _cStephen R. Donaldson. |
||
| 260 |
_aNew York : _bBallantine Books, _c1988. |
||
| 300 |
_a657 p. : _c18 cm. |
||
| 650 | _aFantasy Fiction | ||
| 942 |
_cBK _2lcc |
||
| 999 |
_c20428 _d20428 |
||